<?xml version="1.0" encoding="UTF-8"?>
<collection xmlns="http://www.loc.gov/MARC21/slim">
 <record>
  <leader>01692nab a2200217 i 4500</leader>
  <controlfield tag="001">misc41967</controlfield>
  <controlfield tag="005">20191106140516.0</controlfield>
  <controlfield tag="008">180706s2013    hu      o     0||   zxx d</controlfield>
  <datafield tag="022" ind1=" " ind2=" ">
   <subfield code="a">1215-5233</subfield>
  </datafield>
  <datafield tag="040" ind1=" " ind2=" ">
   <subfield code="a">SZTE Miscellanea Repozitórium</subfield>
   <subfield code="b">hun</subfield>
  </datafield>
  <datafield tag="041" ind1=" " ind2=" ">
   <subfield code="a">zxx</subfield>
  </datafield>
  <datafield tag="100" ind1="1" ind2=" ">
   <subfield code="a">Molnár Pál</subfield>
  </datafield>
  <datafield tag="245" ind1="1" ind2="0">
   <subfield code="a">Egy iskolai laptopprogram tanulságai</subfield>
   <subfield code="h">[elektronikus dokumentum] :</subfield>
   <subfield code="b">mobil számítógépek megjelenése a hazai iskolákban /</subfield>
   <subfield code="c"> Molnár Pál</subfield>
  </datafield>
  <datafield tag="260" ind1=" " ind2=" ">
   <subfield code="c">2013</subfield>
  </datafield>
  <datafield tag="300" ind1=" " ind2=" ">
   <subfield code="a">61-83</subfield>
  </datafield>
  <datafield tag="490" ind1="0" ind2=" ">
   <subfield code="a">Iskolakultúra</subfield>
   <subfield code="v">23 No. 7-8</subfield>
  </datafield>
  <datafield tag="520" ind1="3" ind2=" ">
   <subfield code="a">A hordozható számítógépek osztálytermi bevezetésével új taneszköz jelent meg. Ez az IKT-val segített oktatás módszertanát is alapjaiban befolyásolta. Míg az interaktív tábla elsősorban a tanári bemutatót, a frontális oktatást színesíti, a laboratóriumi, helyhez kötött számítógépek elsősorban az egyéni munkát, addig a mobil számítógépekkel viszont a tanulók önállóan, párban és csoportban is, az iskola bármely, vezetékmentes hálózati hozzáféréssel ellátott helyszínén, kollaboratív módszerekkel dolgozhatnak. Kutatásunkban egy iskolai laptopprogram hatásvizsgálatán keresztül arra az oktatási innovációk értékelésénél mindig felmerülő alapkérdésre keressük a választ: inspirált-e korszerű pedagógiát ez az eszköz, a szoftverekbe kódolt interaktív megoldások életre kelnek-e, a mobil gépekkel rugalmasan, a tanulók képzeletét megmozgatva folyik-e az oktatás?</subfield>
  </datafield>
  <datafield tag="700" ind1="0" ind2="1">
   <subfield code="a">Kárpáti Andrea</subfield>
   <subfield code="e">aut</subfield>
  </datafield>
  <datafield tag="700" ind1="0" ind2="1">
   <subfield code="a">Tóth Edit</subfield>
   <subfield code="e">aut</subfield>
  </datafield>
  <datafield tag="700" ind1="0" ind2="1">
   <subfield code="a">Tóth Krisztina</subfield>
   <subfield code="e">aut</subfield>
  </datafield>
  <datafield tag="856" ind1="4" ind2="0">
   <subfield code="u">http://misc.bibl.u-szeged.hu/41967/1/EPA00011_iskolakultura_2013_7-8_061-083.pdf</subfield>
   <subfield code="z">Dokumentum-elérés </subfield>
  </datafield>
 </record>
</collection>
